[Event "GER-ch Blitz"]
[Site "Munich"]
[Date "2025.05.24"]
[Round "14"]
[White "Eichenauer, Pascal"]
[Black "Donchenko, Alexander"]
[Result "0-1"]
[WhiteElo "2048"]
[BlackElo "2615"]
[PlyCount "48"]
[EventDate "2025.05.24"]
[EventType "tourn (blitz)"]
[EventRounds "29"]
[EventCountry "GER"]
[EventCategory "6"]
[SourceTitle "CB22_2025"]
[SourceDate "2025.05.28"]
[SourceVersion "1"]
[SourceVersionDate "2025.05.28"]
[SourceQuality "1"]

1. d4 Nf6 2. c4 g6 3. Nc3 Bg7 4. e4 d6 5. Nf3 0-0 6. Be2 e5 7. 0-0 exd4 8. Nxd4 Re8 9. f3 c6 10. Kh1 Nbd7 11. Bg5 Qb6 12. Qd2 Nc5 13. Rab1 a5 14. Be3 Qc7 15. b3 Bd7 16. a3 h5 17. b4 axb4 18. axb4 Ne6 19. c5 dxc5 20. Nxe6 Bxe6 21. bxc5 Red8 22. Qc2 Ra3 23. Bc1 Rxc3 24. Qxc3 Ng4 0-1

[Event "GER-ch Blitz"]
[Site "Munich"]
[Date "2025.05.24"]
[Round "28"]
[White "Eichenauer, Pascal"]
[Black "Frischmann, Rick"]
[Result "0-1"]
[WhiteElo "2048"]
[BlackElo "2352"]
[PlyCount "97"]
[EventDate "2025.05.24"]
[EventType "tourn (blitz)"]
[EventRounds "29"]
[EventCountry "GER"]
[EventCategory "6"]
[SourceTitle "CB22_2025"]
[SourceDate "2025.05.28"]
[SourceVersion "1"]
[SourceVersionDate "2025.05.28"]
[SourceQuality "1"]

1. d4 d5 2. c4 Nc6 3. Nc3 Nf6 4. cxd5 Nxd5 5. e4 Nxc3 6. bxc3 e5 7. d5 Nb8 8. Nf3 Bd6 9. Be2 0-0 10. 0-0 Nd7 11. Bg5 f6 12. Be3 Qe7 13. Nd2 Bc5 14. c4 Bxe3 15. fxe3 Nc5 16. Qc2 Bd7 17. a4 a5 18. Nb3 b6 19. Nxc5 Qxc5 20. Qd3 Rfd8 21. Qa3 Rab8 22. Rfb1 Be8 23. Qxc5 bxc5 24. Bd1 Kf8 25. Kf2 Ke7 26. Ke1 Kd6 27. Kd2 Rb4 28. Rxb4 cxb4 29. Rc1 Kc5 30. Ke1 Rb8 31. Kd2 Bg6 32. Kd3 Rf8 33. g4 Rh8 34. Bb3 h5 35. Rg1 hxg4 36. Rxg4 Rh6 37. h4 f5 38. Rg5 fxe4+ 39. Ke2 Bh5+ 40. Ke1 Bf3 41. Rxg7 c6 42. Rc7 Kb6 43. Rxc6+ Rxc6 44. dxc6 Kxc6 45. Kf2 Kd6 46. Kg3 Bh5 47. Bc2 Kc5 48. Bb3 Be2 49. Kf2 0-1

[Event "Bayern-ch 95th"]
[Site "Rosenheim"]
[Date "2024.08.31"]
[Round "9"]
[White "Eichenauer, Pascal"]
[Black "Biedenkopf, Philipp"]
[Result "1/2-1/2"]
[WhiteElo "2018"]
[BlackElo "2103"]
[PlyCount "76"]
[EventDate "2024.08.25"]
[EventType "swiss"]
[EventRounds "9"]
[EventCountry "GER"]
[SourceTitle "CBM 221 Extra"]
[Source "ChessBase"]
[SourceDate "2024.09.30"]
[SourceVersion "1"]
[SourceVersionDate "2024.09.30"]
[SourceQuality "1"]

1. d4 Nf6 2. c4 e6 3. Nc3 d5 4. cxd5 exd5 5. Bg5 c6 6. Qc2 h6 7. Bh4 g6 8. Bxf6 Qxf6 9. Nxd5 Qxd4 10. Nc3 Bg7 11. e4 Be6 12. Nf3 Qb4 13. a3 Qe7 14. Rd1 Nd7 15. Nd4 0-0 16. Be2 Rad8 17. f4 Nc5 18. e5 g5 19. 0-0 gxf4 20. Rxf4 Bxe5 21. Nxe6 Rxd1+ 22. Nxd1 Nxe6 23. Rg4+ Bg7 24. Qd2 Qc5+ 25. Nf2 Kh8 26. b4 Qb6 27. Rh4 Rd8 28. Bd3 Kg8 29. Kh1 Rd4 30. Rxh6 Qd8 31. Rh3 Nf4 32. Rg3 Qe7 33. Re3 Qd8 34. Qe1 Kf8 35. Be4 Ne6 36. g3 Qd6 37. Rd3 Bh6 38. Re3 Bg7 1/2-1/2